000 00766nas a2200253 4500
001 BR0804581
003 BR-BrBNA
005 20231205111841.0
007 ta
008 230509b bl.|||p| |||| 00| 00por d
040 _aBR-BrBNA
_bpor
_cBiblioteca Nacional de Agricultura
041 _a(Pt)
072 _aL72
100 1 _aFreitas, D.R.J. de
100 1 _aPohl, P.C.
100 1 _aVaz Júnior, I. da S.
245 1 _aCaracterização da resistência para acaricidas no carrapato Boophilus microplus
650 _aCARRAPATO
650 _aACARICIDA
650 _aRESISTÊNCIA
773 0 _tActa Scientiae Veterinariae (Brazil)
_xISSN 1678-0345
_g(2005), v. 33(2) p. 109-117
_wBR0804581
909 _a202311
_bLúcia
_c55
_dLúcia Elande
942 _2AGRIS
_n0
_cANA
999 _c194798
_d194798